The stainless steel rat for president / (Record no. 350652)
[ view plain ]
| 000 -LEADER | |
|---|---|
| fixed length control field | 01116cam a22003493a 4500 |
| 001 - CONTROL NUMBER | |
| control field | 15951239 |
| 003 - CONTROL NUMBER IDENTIFIER | |
| control field | OSt |
| 005 - DATE AND TIME OF LATEST TRANSACTION | |
| control field | 20180116183023.0 |
| 008 - FIXED-LENGTH DATA ELEMENTS--GENERAL INFORMATION | |
| fixed length control field | 830104s1982 onc 000 1 eng d |
| 010 ## - LIBRARY OF CONGRESS CONTROL NUMBER | |
| LC control number | 2009529148 |
| 020 ## - INTERNATIONAL STANDARD BOOK NUMBER | |
| International Standard Book Number | 0553227599 |
| 020 ## - INTERNATIONAL STANDARD BOOK NUMBER | |
| International Standard Book Number | 9780553227598 |
| 035 ## - SYSTEM CONTROL NUMBER | |
| System control number | (OCoLC)ocm09096742 |
| 035 ## - SYSTEM CONTROL NUMBER | |
| System control number | (OCoLC)9096742 |
| 040 ## - CATALOGING SOURCE | |
| Original cataloging agency | TLM |
| Transcribing agency | TLM |
| Modifying agency | IXA |
| -- | OCLCQ |
| -- | OCLCG |
| -- | UPM |
| -- | DLC |
| 042 ## - AUTHENTICATION CODE | |
| Authentication code | lccopycat |
| 050 00 - LIBRARY OF CONGRESS CALL NUMBER | |
| Classification number | CPB Box no. 2983 vol. 10 |
| 082 ## - DEWEY DECIMAL CLASSIFICATION NUMBER | |
| Classification number | 813.54 HAR 1984 |
| 100 1# - MAIN ENTRY--PERSONAL NAME | |
| Personal name | Harrison, Harry, |
| Dates associated with a name | 1925-2012. |
| 245 14 - TITLE STATEMENT | |
| Title | The stainless steel rat for president / |
| Statement of responsibility, etc. | Harry Harrison. |
| 260 ## - PUBLICATION, DISTRIBUTION, ETC. | |
| Place of publication, distribution, etc. | Toronto ; |
| -- | New York : |
| Name of publisher, distributor, etc. | Bantam, |
| Date of publication, distribution, etc. | c1982. |
| 300 ## - PHYSICAL DESCRIPTION | |
| Extent | 185, [1] p. ; |
| Dimensions | 18 cm. |
| 490 0# - SERIES STATEMENT | |
| Series statement | Bantam books science fiction |
| 490 0# - SERIES STATEMENT | |
| Series statement | A Bantam book |
| 500 ## - GENERAL NOTE | |
| General note | Sequel to: The stainless steel rat wants you. |
| 650 #0 - SUBJECT ADDED ENTRY--TOPICAL TERM | |
| Topical term or geographic name entry element | Science fiction, American. |
| 655 #7 - INDEX TERM--GENRE/FORM | |
| Genre/form data or focus term | Science fiction. |
| Source of term | gsafd |
| 710 2# - ADDED ENTRY--CORPORATE NAME | |
| Corporate name or jurisdiction name as entry element | Copyright Paperback Collection (Library of Congress) |
| Institution to which field applies | DLC |
| 906 ## - LOCAL DATA ELEMENT F, LDF (RLIN) | |
| a | 7 |
| b | cbc |
| c | copycat |
| d | 2 |
| e | ncip |
| f | 20 |
| g | y-genrareb |
| 942 ## - ADDED ENTRY ELEMENTS (KOHA) | |
| Source of classification or shelving scheme | |
| Koha item type | Book |
| Withdrawn status | Lost status | Source of classification or shelving scheme | Damaged status | Not for loan | Collection code | Permanent Location | Current Location | Shelving location | Date acquired | Total Checkouts | Full call number | Barcode | Date last seen | Price effective from | Koha item type |
|---|---|---|---|---|---|---|---|---|---|---|---|---|---|---|---|
| Central Library (CL) | Central Library (CL) | Fiction | 11/26/2015 | 813.54 HAR 1984 | NBSD-2231 | 11/26/2015 | 11/26/2015 | Book |
